Transforming the business : the IT contribution

Αποθηκεύτηκε σε:
Λεπτομέρειες βιβλιογραφικής εγγραφής
Κύριος συγγραφέας: Moreton, Robert 1947-
Άλλοι συγγραφείς: Chester, Myrvin 1951-
Μορφή: Βιβλίο
Γλώσσα:English
Δημοσίευση: London : McGraw-Hill, c1997
Σειρά:Information systems series (McGraw-Hill Companies)
Θέματα:
Ετικέτες: Προσθήκη ετικέτας
Δεν υπάρχουν, Καταχωρήστε ετικέτα πρώτοι!

MARC

LEADER 00000nam a2200000 i 4500
001 1/52738
008 980316s1997 eng d
020 |a 0077092430 
035 |l 10027397 
040 |a GR-MY-UA  |b gre  |e aacr 
041 0 |a eng 
082 0 |a 658.4038 
100 1 |a Moreton, Robert  |d 1947- 
245 1 0 |a Transforming the business :  |b the IT contribution /  |c Robert Moreton, Myrvin F. Chester 
260 |a London :   |b McGraw-Hill,   |c c1997 
300 |a xvi, 218 p. 
490 1 |a Information systems series (McGraw-Hill Companies) 
504 |a Includes bibliography and index 
650 0 0 |a Information technology. 
650 0 0 |a Organizational effectiveness. 
650 0 0 |a Organizational change. 
700 1 |a Chester, Myrvin  |d 1951- 
830 0 |a Information systems series (McGraw-Hill Companies) 
852 |a INST  |b CHIOS  |e 19980316  |h 658.4038 MOR  |p 005200009697  |q 005200009697  |t BK  |y 0 
901 |a BIBL-1998-1 
909 |a Χ  |b 053949 
922 |a 2ΕΛΗ  |b 199802  |c ΤΔΕ  |d ΠΑΠΑΣΩΤΗΡΙΟΥ